000 00364 a2200157 4500
001 57160
020 _a8532253121
040 _cAnchieta - Pituba
100 _aBandeira, Pedro
240 1 0 _aAmor impossível, possível amor
_lpor
245 1 0 _aAmor impossível, possível amor
300 _a127
362 0 _a2005
650 4 _aLiteratura juvenil
942 _cBK
999 _c57160
_d57160